Catalog

Record Details

Catalog Search



Jak to vidím já : osobní pohled na autismus a Aspergerův syndrom  Cover Image Book Book

Jak to vidím já : osobní pohled na autismus a Aspergerův syndrom / Temple Grandin ; s předmluvou Tonyho Attwooda

Grandin, Temple, 1947- (Author). Attwood, Tony, 1952- (Author of introduction, etc.). Čtrnáct, Marek (Translator).

Record details

  • ISBN: 978-80-906078-0-4
  • Physical Description: xvi, 451 stran : ilustrace, portréty ; 23 cm
  • Edition: První vydání v českém jazyce
  • Publisher: Praha : Csémy Miklós ve spolupráci s Janou Csémy, 2015

Content descriptions

General Note:
Z anglického originálu přeložil Marek Čtrnáct
"Sběratelská edice, revidovaná a rozšířená"
Dotisk 2016
Bibliography, etc. Note:
Obsahuje bibliografie, bibliografické odkazy a rejstřík
Subject: osoby s autismem
děti s autismem
autismus
Aspergerův syndrom
každodenní život
výchova a vzdělávání
people with autism
children with autism
autism
Asperger's syndrome
everyday life
education
Genre: příručky
handbooks and manuals

Available copies

  • 1 of 1 copy available at Common Catalog SPOK.

Holds

  • 0 current holds with 1 total copy.
Show All Copies
Location Call Number / Copy Notes Barcode Shelving Location Status Due Date
Jabok Library PeS-5.6/G
Pořízeno z projektu Škola jako místo, kde se vzdělává a žije: CZ.07.4.68/0.0/0.0/16_037/0000325
424480041815 Odborná literatura Available -

LDR 02276nam a2200625 i 4500
00131247
003CZ-PrJAB
00520190305125142.0
007ta
008150323s2015 xr ac e f 001 0 cze
015 . ‡acnb002685505
020 . ‡a978-80-906078-0-4 ‡q(Miklós Csémy ; ‡qbrožováno)
035 . ‡a(CZ PrNK)nkc20152685505
035 . ‡a(OCoLC)913563934
040 . ‡aOLA001 ‡bcze ‡erda
0411 . ‡acze ‡heng
072 7. ‡a616.89 ‡xPsychiatrie ‡2Konspekt ‡914
080 . ‡a316.344.6-056.36 ‡2MRF
080 . ‡a316.344.6-056.36-053.2 ‡2MRF
080 . ‡a616.89-008.45 ‡2MRF
080 . ‡a316.728 ‡2MRF
080 . ‡a376 ‡2MRF
080 . ‡a(035) ‡2MRF
1001 . ‡aGrandin, Temple, ‡d1947- ‡7uzp2008440421 ‡4aut
24010. ‡aWay I see it. ‡lČesky
24510. ‡aJak to vidím já : ‡bosobní pohled na autismus a Aspergerův syndrom / ‡cTemple Grandin ; s předmluvou Tonyho Attwooda
250 . ‡aPrvní vydání v českém jazyce
264 1. ‡aPraha : ‡bCsémy Miklós ve spolupráci s Janou Csémy, ‡c2015
300 . ‡axvi, 451 stran : ‡bilustrace, portréty ; ‡c23 cm
336 . ‡atext ‡btxt ‡2rdacontent
337 . ‡abez média ‡bn ‡2rdamedia
338 . ‡asvazek ‡bnc ‡2rdacarrier
500 . ‡aZ anglického originálu přeložil Marek Čtrnáct
500 . ‡a"Sběratelská edice, revidovaná a rozšířená"
500 . ‡aDotisk 2016
504 . ‡aObsahuje bibliografie, bibliografické odkazy a rejstřík
65007. ‡aosoby s autismem ‡7ph323410 ‡2czenas
65007. ‡aděti s autismem ‡7ph114095 ‡2czenas
65007. ‡aautismus ‡7ph118685 ‡2czenas
65007. ‡aAspergerův syndrom ‡7ph317194 ‡2czenas
65007. ‡akaždodenní život ‡7ph121555 ‡2czenas
65007. ‡avýchova a vzdělávání ‡7ph127419 ‡2czenas
65009. ‡apeople with autism ‡2eczenas
65009. ‡achildren with autism ‡2eczenas
65009. ‡aautism ‡2eczenas
65009. ‡aAsperger's syndrome ‡2eczenas
65009. ‡aeveryday life ‡2eczenas
65009. ‡aeducation ‡2eczenas
655 7. ‡apříručky ‡7fd133209 ‡2czenas
655 9. ‡ahandbooks and manuals ‡2eczenas
7001 . ‡aAttwood, Tony, ‡d1952- ‡7mzk2005318142 ‡4aui
7001 . ‡aČtrnáct, Marek ‡7ola20040319005 ‡4trl
910 . ‡aABG312
995 . ‡aska
901 . ‡a31247 ‡b ‡c31247 ‡tbiblio

Additional Resources